Datum a čas kvízu

20 Celkem bodů Celkový počet nahraných bodů na tomto kvízu bez doplňovacích otázek.
3. Pořadí na kvízu Konečné umístění týmu na tomto kvízu.

Zaznamenané odpovědi

# Otázka Odpověď Body Výsledky
1. Český premiér Petr Fiala se mi... Etiopii 0
2. V úterý se v jisté evropské mo... Španělsko, princezna Leonor 0.5
3. Jedna kapela ve čtvrtek vydala... The Beatles 0
4. Minulý týden otevřel jistý ame... Popeye's 1
5. Lionel Messi získal poosmé cen... Erling Haaland, Kylian Mbappé 1
-14. O které významné ženě 18. stol... o Marii Antoinettě 0
-13. Přívlastkové víno, k jehož výr... výběr z cibéb 1
-14. Jak se v antické mytologii jme... Dionýsos 0
-11. Vinařská oblast Morava se dělí... Velkopavlovická 0
-10. Brandy je pálenka vyrobená z h... Cognac 0